A Regény jegyében. {Sub semnul Romanului}. [Under signe of the Novell]
Elmentve itt :
| Szerző: | |
|---|---|
| Adatforrás: | Meister |
| Forrásdokumentuma: | Látó. - 2001. 6, 70-71. |
| Nyelv: | magyar |
| Kulcsszavak: | irodalmi esszé eseu literar literary essay |
| LEADER | 00411nab a2200145 i 4500 | ||
|---|---|---|---|
| 001 | bibPRO00011981 | ||
| 008 | 080908s2001 xx hun | ||
| 040 | |a Sz1 | ||
| 041 | |a hun | ||
| 100 | 1 | |a KOVAC Mirko | |
| 245 | 1 | 2 | |a A Regény jegyében. {Sub semnul Romanului}. [Under signe of the Novell] |c KOVAC Mirko |
| 695 | |a irodalmi esszé | ||
| 695 | |a eseu literar | ||
| 695 | |a literary essay | ||
| 773 | 0 | |t Látó. - |g 2001. 6, 70-71. | |